00903nam a22002417a 4500999001500000001000600015003000900021005001700030008004100047020001800088040004300106082001200149100004500161245011200206260004000318300001900358546004300377650004000420651004700460655002800507942001200535952011400547 c8104d810421588BD-DhUAP20220620130630.0 s19701972nyu 000 1 eng d a9780140157512 aDLCcBD-DhUAPdBD-DhUAPbengeBD-DhUAP00a863 MAR1 aGarcía Márquez, Gabriel,d1927-2014.10aOne hundred years of solitude/cGabriel García Márquez ;translated from the Spanish by Gregory Rabassa. aIndia ;aNew Delhi ;bPENGUIN BOOKS a422 p.c20 cm. aTranslation of Cien años de soledad. 0aMacondo (Imaginary place)vFiction. 0aLatin AmericaxSocial conditionsvFiction. 7aEpic literature.2gsafd 2ddccBK 00102ddc4070aUAPCLbUAPCLcGeneral Stacksd2022-06-20o863 MARp3010021588r2022-06-20t1w2022-06-20yBK